Komentár k zákonu č. 116/1990 Zb. o nájme a podnájme nebytových priestorov v znení zákona č. 403/1990 Zb., zákona č. 529/1990 Zb., zákona č. 229/1991 Zb. a zákona č. 540/1991 Zb.

Bibliographic Details
Format: Article
Language:Slovak
Subjects:

MARC

LEADER 00000nab a2200000 a 4500
001 vtls000551234
003 SK-MaSNL
005 20260304084322.0
008 250425c1995 xo 0 slo
015 |a SNBRB19rr/mm-uuuuu 
035 |a CL0551372 
035 |a urn:nbn:sk:snk-ab76f7 
035 |a (uuid)c4d38e2b-cb40-43af-b9c0-75854130e680 
035 |a (urnnbn)urn:nbn:sk:snk:ar-a071ns 
035 |a (sysno)vtls000551234 
040 |a SNKBUCL  |b slo  |c SNKBUCL  |e AACR2 
041 0 |a slo 
044 |a xo  |c SK 
080 |a 340.133:351.778.541  |2 1981 
080 |a 351.778.541  |2 1981 
245 0 0 |a Komentár k zákonu č. 116/1990 Zb. o nájme a podnájme nebytových priestorov v znení zákona č. 403/1990 Zb., zákona č. 529/1990 Zb., zákona č. 229/1991 Zb. a zákona č. 540/1991 Zb. 
650 0 7 |a Zákon o nájme a podnájme nebytových priestorov  |2 snkbucl  |9 964700 
655 7 |a články z novín a časopisov  |2 snkbucl  |9 267496 
773 0 |t Mzdy a financie  |g Č. 5 (1995), s. 148-172 
850 |a Slovenská národná knižnica 
852 |a Slovenská národná knižnica 
958 |a article27 
958 |a OND 
958 |a RK 
992 |a RBX 
999 |c 2802932  |d 2804862